Statistiques concernant Logo des clubs de Ligue 1 et Ligue 2 lors de la saison 2020-2021

Cliquez ici pour prendre le quiz!

Statistiques générales

  • Ce quiz a été pris 367 fois
  • Le résultat moyen est 21 sur 40

Statistiques - réponses

Réponse% Correct
Racing Club de Lens
89%
Association sportive de Monaco FC
84%
Paris Football Club
82%
Paris Saint-Germain
75%
Football Club de Lorient
73%
Football Club de Metz
72%
OGC Nice
70%
Football Club de Nantes
69%
Olympique lyonnais
69%
Association sportive de Saint-Étienne
66%
Stade rennais Football Club
64%
Angers Sporting Club de l'Ouest
61%
En avant de Guingamp
60%
Stade Brestois 29
60%
Rodez Aveyron Football
58%
Amiens Sporting Club
53%
LOSC Lille
53%
Le Havre Athletic Club
52%
AS Nancy Lorraine
51%
Athletic Club ajaccien
51%
Grenoble Foot 38
50%
Association de la jeunesse auxerroise
47%
Stade Malherbe Caen
46%
Olympique de Marseille
44%
La Berrichonne de Châteauroux
43%
Dijon Football Côte-d'Or
42%
Montpellier Hérault Sport Club
42%
Pau Football Club
41%
Toulouse Football Club
40%
Valenciennes Football Club
40%
Nîmes Olympique
38%
Chamois niortais Football Club
36%
Espérance sportive Troyes Aube Champagne
36%
Stade de Reims
36%
Clermont Foot 63
35%
Racing Club de Strasbourg Alsace
33%
Football Club des Girondins de Bordeaux
29%
Football Club Sochaux-Montbéliard
27%
Football Club de Chambly Oise
26%
Union sportive du littoral de Dunkerque
25%

Distribution des résultats

Percentile par nombre de réponses

% des personnes avec chaque résultat

Votre développement - résultats

Vous n’avez pas pris ce quiz